ბათუმის შოთა რუსთაველის სახელმწიფო უნივერსიტეტის ბიბლიოთეკა

The Cambridge Quarterly : (ბიბ.ჩანაწერი № 59307)

000 -LEADER
fixed length control field 00653nam a22001937a 4500
005 - DATE AND TIME OF LATEST TRANSACTION
control field 20230116161959.0
008 - FIXED-LENGTH DATA ELEMENTS--GENERAL INFORMATION
fixed length control field 230116c2021 enk||||| |||| 00| 0 eng d
022 ## - INTERNATIONAL STANDARD SERIAL NUMBER
International Standard Serial Number 0008199X
041 ## - LANGUAGE CODE
Language code of text/sound track or separate title eng
245 ## - TITLE STATEMENT
Title The Cambridge Quarterly :
Remainder of title 2021 /
Statement of responsibility, etc. Editors K. Boddy, R. Lyne.
260 ## - PUBLICATION, DISTRIBUTION, ETC.
Place of publication, distribution, etc. Oxford,
Date of publication, distribution, etc. 2019.
300 ## - PHYSICAL DESCRIPTION
Extent V.
Other physical details 28 cm.
653 ## - INDEX TERM--UNCONTROLLED
Uncontrolled term კემბრიჯის ჟურნალი
653 ## - INDEX TERM--UNCONTROLLED
Uncontrolled term ლიტერატურული კრიტიკა
653 ## - INDEX TERM--UNCONTROLLED
Uncontrolled term პერიოდიკა
700 ## - ADDED ENTRY--PERSONAL NAME
Personal name Boddy, K.
Relator term რედაქტორი
9 (RLIN) 16687
700 ## - ADDED ENTRY--PERSONAL NAME
Numeration Lyne, R.
Relator term რედაქტორი
9 (RLIN) 5277
942 ## - ADDED ENTRY ELEMENTS (KOHA)
Source of classification or shelving scheme
Koha item type პერიოდიკა
ეგზემპლარები
Withdrawn status Lost status Source of classification or shelving scheme Damaged status Not for loan Permanent Location Current Location Shelving location Date acquired Serial Enumeration / chronology Barcode Date last seen Copy number Price effective from Koha item type
          ბათუმის შოთა რუსთაველის სახელმწიფო უნივერსიტეტის მთავარი ბიბლიოთეკა ბათუმის შოთა რუსთაველის სახელმწიფო უნივერსიტეტის მთავარი ბიბლიოთეკა წიგნსაცავი 2023-01-16 Volume 50. # 4 December 2021 80972 p. 2023-01-16 80972 2023-01-16 პერიოდიკა